| 000 -LEADER |
| fixed length control field |
00629nam a22002055i 4500 |
| 003 - CONTROL NUMBER IDENTIFIER |
| control field |
OSt |
| 005 - DATE AND TIME OF LATEST TRANSACTION |
| control field |
20240116160515.0 |
| 008 - FIXED-LENGTH DATA ELEMENTS--GENERAL INFORMATION |
| fixed length control field |
221014s2023 mau 000 0 eng |
| 020 ## - INTERNATIONAL STANDARD BOOK NUMBER |
| International Standard Book Number |
9783035627077 |
| Qualifying information |
(hardback) |
| 042 ## - AUTHENTICATION CODE |
| Authentication code |
pcc |
| 082 ## - DEWEY DECIMAL CLASSIFICATION NUMBER |
| Classification number |
720 |
| 245 00 - TITLE STATEMENT |
| Title |
Re: action : |
| Remainder of title |
urban resilience, sustainable growth, and the vitality of cities and ecosystems in the post-information age / |
| Statement of responsibility, etc |
Hani Rashid. |
| 263 ## - PROJECTED PUBLICATION DATE |
| Projected publication date |
2305 |
| 300 ## - PHYSICAL DESCRIPTION |
| Extent |
pages cm |
| 490 0# - SERIES STATEMENT |
| Series statement |
Edition angewandte, |
| International Standard Serial Number |
1866248X |
| 700 1# - ADDED ENTRY--PERSONAL NAME |
| Personal name |
Rashid, Hani, |
| Relator term |
editor. |
| 906 ## - LOCAL DATA ELEMENT F, LDF (RLIN) |
| a |
0 |
| b |
ibc |
| c |
orignew |
| d |
2 |
| e |
epcn |
| f |
20 |
| g |
y-gencatlg |
| 942 ## - ADDED ENTRY ELEMENTS (KOHA) |
| Source of classification or shelving scheme |
|
| 955 ## - COPY-LEVEL INFORMATION (RLIN) |
| Book number/undivided call number, CCAL (RLIN) |
xn11 2022-10-14 |